Theories and practices of industrial waste treatment / (Record no. 13196)
[ view plain ]
| 000 -LEADER | |
|---|---|
| fixed length control field | 00864nam a22002652 4500 |
| 001 - CONTROL NUMBER | |
| control field | 13196 |
| 003 - CONTROL NUMBER IDENTIFIER | |
| rucl marc code | BD-RjUL |
| 005 - DATE AND TIME OF LATEST TRANSACTION | |
| control field | 20211208235423.0 |
| 008 - FIXED-LENGTH DATA ELEMENTS--GENERAL INFORMATION | |
| fixed length control field | 140130s1963 maua b 000 0 eng |
| 035 ## - SYSTEM CONTROL NUMBER | |
| System control number | OCLC ocm00564219 from D971006M |
| -- | (BD-RjUL)13247 |
| 040 ## - CATALOGING SOURCE | |
| Original cataloging agency | DLC |
| Transcribing agency | DLC |
| Modifying agency | UKM |
| -- | EQO |
| -- | BD-RjUL |
| Language of cataloging | eng |
| 041 ## - LANGUAGE CODE | |
| Language code of text/sound track or separate title | eng |
| 082 00 - DEWEY DECIMAL CLASSIFICATION NUMBER | |
| Classification number | 628.54 |
| Author mark and year | NET 1963 |
| 100 1# - MAIN ENTRY--PERSONAL NAME | |
| Personal name | Nemerow, Nelson L. |
| 9 (RLIN) | 41100 |
| 245 00 - TITLE STATEMENT | |
| Title | Theories and practices of industrial waste treatment / |
| Statement of responsibility, etc. | Nelson Leonard Nemerow. |
| 260 ## - PUBLICATION, DISTRIBUTION, ETC. (IMPRINT) | |
| Place of publication, distribution, etc. | Reading, Mass. : |
| Name of publisher, distributor, etc. | Addison-Wesley Pub. Co., |
| Date of publication, distribution, etc. | c1963. |
| 300 ## - PHYSICAL DESCRIPTION | |
| Pagination | 557 p. : |
| Illustrations | illus. ; |
| Size | 24 cm. |
| 490 0# - SERIES STATEMENT | |
| Series statement | Addison-Wesley series in the engineering sciences |
| 504 ## - BIBLIOGRAPHY, ETC. NOTE | |
| Bibliography, etc | Includes bibliography. |
| 650 #0 - SUBJECT ADDED ENTRY--TOPICAL TERM | |
| Topical term or geographic name as entry element | Factory and trade waste. |
| 9 (RLIN) | 40953 |
| 942 ## - ADDED ENTRY ELEMENTS (KOHA) | |
| Source of classification or shelving scheme | Dewey Decimal Classification |
| Koha item type | Books |
| Lost status | Source of classification or shelving scheme | Damaged status | Not for loan | Permanent Location | Current Location | Shelving location | Date acquired | Source of acquisition | Cost, normal purchase price | Total Checkouts | Full call number | Date last seen | Copy number | Koha item type |
|---|---|---|---|---|---|---|---|---|---|---|---|---|---|---|
| Dewey Decimal Classification | Not For Loan | Central Library, University of Rajshahi | Central Library, University of Rajshahi | Reading Room | 30/01/1967 | Mirza Book agency | 75.00 | 628.54 NET 1963 | 30/01/2014 | C-1 | Books |